The Tragedy of King Lear
Uloženo v:
| Hlavní autor: | |
|---|---|
| Médium: | Kniha |
| Jazyk: | Undetermined |
| Vydáno: |
Massachusetts, Estados Unidos
XEROX College Publishing
1968
|
| Témata: | |
| Tagy: |
Přidat tag
Žádné tagy, Buďte první, kdo vytvoří štítek k tomuto záznamu!
|
MARC
| LEADER | 00000nam a2200000Ia 4500 | ||
|---|---|---|---|
| 008 | 170316s9999 xx 000 0 und d | ||
| 040 | |a cru BVZT | ||
| 090 | |a 820 S-5k | ||
| 100 | |a Shakespeare, William | ||
| 245 | |a The Tragedy of King Lear | ||
| 260 | |a Massachusetts, Estados Unidos | ||
| 260 | |b XEROX College Publishing | ||
| 260 | |c 1968 | ||
| 300 | |a 147 páginas | ||
| 650 | |a LITERATURA INGLESA |9 12 | ||
| 650 | |a TRAGEDIA | ||
| 999 | |c 7140 |d 7140 | ||
| 942 | |c LIB |h 820 S-5k |2 z | ||
